The noble scholar, jurist, historian


 His Excellency Dr. Abdul Wahhab bin Ibrahim Abu Sulaiman, may Allah have mercy on him.


 He was born in Umm Al-Qura in the year 1356 AH.

الفهرست / (Record no. 12353)

MARC details
000 -LEADER
fixed length control field 01443cam a22003011ia4500
003 - CONTROL NUMBER IDENTIFIER
control field SA-RiAUC
005 - DATE AND TIME OF LATEST TRANSACTION
control field 20251004154949.0
008 - FIXED-LENGTH DATA ELEMENTS--GENERAL INFORMATION
fixed length control field 251001s2006 ua g b f000f0 ara c
040 ## - CATALOGING SOURCE
Original cataloging agency SA-MaUQU
Language of cataloging ara
Transcribing agency SA-RiAUC
Description conventions rda
082 04 - DEWEY DECIMAL CLASSIFICATION NUMBER
Classification number 011
Assigning agency SA-RiAUC
090 ## - LOCALLY ASSIGNED LC-TYPE CALL NUMBER (OCLC); LOCAL CALL NUMBER (RLIN)
Classification number (OCLC) (R) ; Classification number, CALL (RLIN) (NR) 011
Local cutter number (OCLC) ; Book number/undivided call number, CALL (RLIN) ا ب ن ن
100 1# - MAIN ENTRY--PERSONAL NAME
Personal name ابن النديم، محمد بن إسحاق بن محمد،
Dates associated with a name توفي 438 هجري
Relator term مؤلف.
245 12 - TITLE STATEMENT
Title الفهرست /
Statement of responsibility, etc. لابن النديم ؛ تحقيق محمد عوني عبد الرؤوف، إيمان السعيد جلال.
264 #1 - PRODUCTION, PUBLICATION, DISTRIBUTION, MANUFACTURE, AND COPYRIGHT NOTICE
Place of production, publication, distribution, manufacture القاهرة :
Name of producer, publisher, distributor, manufacturer الهيئة العامة لقصور الثقافة،
Date of production, publication, distribution, manufacture, or copyright notice 2006.
300 ## - PHYSICAL DESCRIPTION
Extent 2 مجلد ؛
Dimensions 24 سم.
336 ## - CONTENT TYPE
Content type term نص
Content type code txt
Source rdacontent
Materials specified كتاب
337 ## - MEDIA TYPE
Media type term بدون وسيط
Media type code n
Source rdamedia
338 ## - CARRIER TYPE
Carrier type term مجلد
Carrier type code nc
Source rdacarrier
490 1# - SERIES STATEMENT
Series statement سلسلة ذخائر العرب
650 #7 - SUBJECT ADDED ENTRY--TOPICAL TERM
Topical term or geographic name entry element الببليوجرافيات العامة
Source of heading or term aucsh
650 #7 - SUBJECT ADDED ENTRY--TOPICAL TERM
Topical term or geographic name entry element الكتب العربية
Form subdivision ببليوجرافيات
Source of heading or term aucsh
700 1# - ADDED ENTRY--PERSONAL NAME
Personal name عبد الرؤوف، محمد عوني،
Dates associated with a name 1929-
Relator term محقق.
700 1# - ADDED ENTRY--PERSONAL NAME
Personal name جلال، إيمان السعيد
Relator term محقق.
700 12 - ADDED ENTRY--PERSONAL NAME
Relationship information تحقيق لـ (عمل) :
Personal name ابن النديم، محمد بن إسحاق بن محمد،
Dates associated with a name توفي 438 هجري.
Title of a work الفهرست
830 #0 - SERIES ADDED ENTRY--UNIFORM TITLE
Uniform title ذخائر العرب (الهيئة العامة لقصور الثقافة)
942 ## - ADDED ENTRY ELEMENTS (KOHA)
Source of classification or shelving scheme Dewey Decimal Classification
Koha item type Books
Suppress in OPAC No
949 ## - LOCAL PROCESSING INFORMATION (OCLC)
a SA-JeALM
d 251001
u mohamedma123
n 1
Holdings
Withdrawn status Lost status Source of classification or shelving scheme Materials specified (bound volume or other part) Damaged status Not for loan Home library Current library Date acquired Total checkouts Full call number Barcode Date last seen Price effective from Koha item type
    Dewey Decimal Classification الجزء الأول     DR AbdElwahab Library DR AbdElwahab Library 10/04/2025   011 ا ب ن ن 000019856 10/04/2025 10/04/2025 Books
    Dewey Decimal Classification الجزء الثاني     DR AbdElwahab Library DR AbdElwahab Library 10/04/2025   011 ا ب ن ن 000019857 10/04/2025 10/04/2025 Books